► Quick Pick: Movies of 1991 Quiz Stats

 Plays Quiz not verified by Sporcle

Score 0/20 Timer 01:00
24 Plays Today
% Correct
Lambs
97.7%
Family
97.3%
Beast
97.3%
Judgment
97.1%
Louise
97.1%
Green
95.2%
Enemy
95.1%
Hood
95.1%
Break
94.9%
Bride
94.7%
% Correct
Play
94%
Shots
93.1%
Fear
91.7%
Prince
89.3%
Bob
89.2%
Undiscovered
88.4%
King
88.2%
Private
87.6%
Bogus
85.6%
Fink
84%

You're not logged in!

Compare scores with friends on all Sporcle quizzes.
OR
Log In

Sporcle TV

Today on Sporcle TV


Watch our educational content, quiz creation guides, and fun videos on Sporcle TV.

Show Comments

Extras

Top Quizzes Today


Score Distribution

Your Account Isn't Verified!

In order to create a playlist on Sporcle, you need to verify the email address you used during registration. Go to your Sporcle Settings to finish the process.

Report this User

Report this user for behavior that violates our Community Guidelines.

Details: